<The> Reverse Mortgage as a Financial Tool for Increasing the Living Standard of Seniors in the Slovak Republic

Hlavné charakteristiky reverznej hypotéky a prezentácia sociálno-ekonomickej situácie seniorov v Slovenskej republike. Výsledky realizovaného prieskumu, zacieleného na zisťovanie záujmu seniorov o využitie reverznej hypotéky a formulovanie odporúčaní pre aplikačnú prax.

Saved in:
Bibliographic Details
Main Author: Husáková, Mária
Other Authors: Rievajová, Eva, Sika, Peter, 1975-, Šipikalová, Silvia, 1979-
Format: Book Chapter
Language:English
Subjects:
Tags: Add Tag
No Tags, Be the first to tag this record!

MARC

LEADER 00000naa a2200000 4500
001 0245640
005 20260211132357.0
041 0 |a eng 
044 |a SK 
245 1 0 |a <The> Reverse Mortgage as a Financial Tool for Increasing the Living Standard of Seniors in the Slovak Republic  |c Mária Husáková, Eva Rievajová, Peter Sika, Silvia Šipikalová 
520 |a Hlavné charakteristiky reverznej hypotéky a prezentácia sociálno-ekonomickej situácie seniorov v Slovenskej republike. Výsledky realizovaného prieskumu, zacieleného na zisťovanie záujmu seniorov o využitie reverznej hypotéky a formulovanie odporúčaní pre aplikačnú prax. 
610 2 0 |a Slovensko 
610 2 0 |a nástroje finančné 
610 2 0 |a seniori 
610 2 0 |a úroveň životná 
610 2 0 |a hypotéky 
100 1 |a Husáková, Mária 
700 1 |a Rievajová, Eva 
700 1 |a Sika, Peter, 1975- 
700 1 |a Šipikalová, Silvia, 1979-